000 00379nam a22001697a 4500
005 20160613150814.0
008 160613b xxu||||| |||| 00| 0 eng d
020 _a978-0-07-022087-4
041 _aeng
082 _b7274
100 _aNargundkar, Rajendra
_91350
245 _aMarketing Research
260 _bTMH
300 _a527
650 _aManagement
_9241
942 _cBK
999 _c2536
_d2535